000 00791nam a22002417a 4500
999 _c159401
_d159401
005 20181215172754.0
006 a|||||f|||| 00| 0
007 tc
008 180720b xxu||||| |||| 00| 0 eng d
010 _aB-348063-B-348066
020 _c145.00(per set)
035 _aB-348063
037 _bA.I.C.B.
082 _a480
100 _aGurtu, Madhu
245 _aEvery Day English
_cby Madhu Gurtu
260 _aDelhi
_bA.C.I.B.
_cN.D.
270 _aSector-5, Rohini,
_bNew Delhi
_e110085
_k011-27054082
300 _aPt.2, 2V.,various pages.
_c30cm(HB).
700 _aKusum Virmani
942 _2ddc
_cBRLEN
_h480
_mEVE